000 00337nam a2200133Ia 4500
008 240624s9999 xx 000 0 und d
041 _aeng
082 _a330 KRU
100 _aKRUGMAN PAUL
245 _aPEDDLING PROSPERITY ECONOMIC SENSE AND N
260 _c1995
_aNew York
_bW W Norton & Company
300 _a320 : p.
365 _c
_b25
999 _c21115
_d21115